000 00370nam a2200145Ia 4500
008 230917s9999||||xx |||||||||||||| ||und||
040 _e38557
_aMAIN
041 _aEnglish
082 _a954.03 E56I
100 _aEllinwood, Dewitt C, ed
245 0 _aIndia and world war
260 _aNew Delhi
_bManoharlal Publication
_c1978
300 _aviii, 237 p.
942 _cBK
999 _c199470
_d199470